000 00389nam a2200145Ia 4500
008 231129s2015||||xx |||||||||||||| ||spa||
020 _a978-958-14-1448-2
040 _bspa
082 _a(i) 823 D464g
100 _aDesmond Jenni
245 0 _aGato rojo gato azul
260 _c2015
264 _aBogotá Colombia : Plaza & Janes
942 _2ddc
_cBKS
999 _c14363
_d14363